000 00650nam a2200217 a 4500
001 58779
003 BD-RjUL
005 20211209080645.0
008 190310s1927 nyuk ab 000 0 eng
035 _a(BD-RjUL)58903
040 _aDLC
_cDLC
_dDLC
_dBD-RjUL
_beng
041 _aeng
082 _223
_a657
_bHAA 1927
100 1 _aHatfield, Henry Rand,
_d1866-1945.
_9229158
245 0 0 _aAccounting, its principles and problems /
_cby Henry Rand Hatfield .
260 _aNew York ;
_aLondon:
_bD. Appleton and company,
_c1927.
300 _axviii, 548 p.:
_bill.;
_c21 cm.
650 0 _aAccounting.
_9229159
942 _2ddc
_cBK
999 _c58779
_d58779